Vista normal
Vista MARC
Entrada Nombre Personal
Número de registros utilizados en: 1
001 - NUMERO DE CONTROL
- control field: 27678
003 - IDENTIFICADOR DEL NÚMERO DE CONTROL
- control field: AR-RoUNA
005 - FECHA Y HORA DE LA ÚLTIMA TRANSACCIÓN
- control field: 20260413095254.0
008 - ELEMENTOS DE DATOS DE LONGITUD FIJA
- fixed length control field: 260413|| aca||aabn | a|a d
010 ## - NÚMERO DE CONTROL DE LA BIBLIOTECA DEL CONGRESO
- LC control number: n 79021229
040 ## - FUENTE DE CATALOGACIÓN
- Original cataloging agency: AR-RoUNA
100 1# - ENCABEZADO--NOMBRE PERSONAL
- Nombre personal: Trías, Eugenio
- Fechas asociadas con un nombre: 1942-2013
370 ## - LUGAR ASOCIADO
- País asociado : Barcelona (España)
- Fuente del término: naf
400 1# - REFERENCIA DE ENVIO “VEASE” - NOMBRE PERSONAL
- Nombre personal: Trías Sagnier, Eugenio,
- Fechas asociadas a un nombre: 1942-2013
400 1# - REFERENCIA DE ENVIO “VEASE” - NOMBRE PERSONAL
- Nombre personal: Sagnier, Eugenio Trías,
- Fechas asociadas a un nombre: 1942-2013
670 ## - FUENTE EN LA QUE SE LOCALIZARON DATOS
- Cita fuente: His La filosofia y su sombra, 1969.
670 ## - FUENTE EN LA QUE SE LOCALIZARON DATOS
- Cita fuente: His El canto de las sirenas, c2007:
- Información encontrada: t.p. (Eugenio Trías) jkt. (b. 1942)